The PMP Exam: How to Pass on Your First Try (Record no. 8831)
[ view plain ]
| 000 -LEADER | |
|---|---|
| fixed length control field | 00425 a2200157 4500 |
| 022 ## - INTERNATIONAL STANDARD SERIAL NUMBER | |
| International Standard Serial Number | 0972967303 |
| 082 ## - DEWEY DECIMAL CLASSIFICATION NUMBER | |
| Classification number | 658.404076 |
| 090 ## - LOCALLY ASSIGNED LC-TYPE CALL NUMBER (OCLC); LOCAL CALL NUMBER (RLIN) | |
| -- | 4954 |
| -- | 4954 |
| 100 ## - MAIN ENTRY--PERSONAL NAME | |
| Personal name | Crowe, Andy |
| 245 ## - TITLE STATEMENT | |
| Title | The PMP Exam: How to Pass on Your First Try |
| Statement of responsibility, etc. | Andy Crowe |
| 260 ## - PUBLICATION, DISTRIBUTION, ETC. | |
| Place of publication, distribution, etc. | USA: |
| Name of publisher, distributor, etc. | Velociteach Press, |
| Date of publication, distribution, etc. | 2003. |
| 300 ## - PHYSICAL DESCRIPTION | |
| Extent | xvii, 386 p. : |
| Other physical details | ill. ; |
| Dimensions | 26 cm. |
| 500 ## - GENERAL NOTE | |
| General note | Includes Index |
| 650 ## - SUBJECT ADDED ENTRY--TOPICAL TERM | |
| Topical term or geographic name entry element | Management. |
| 942 ## - ADDED ENTRY ELEMENTS (KOHA) | |
| Koha item type | Book |
| Call number prefix | 658.404076 CRO |
| Withdrawn status | Lost status | Damaged status | Not for loan | Collection code | Permanent Location | Current Location | Shelving location | Date acquired | Source of acquisition | Cost, normal purchase price | Total Checkouts | Total Renewals | Full call number | Barcode | Date last seen | Date last checked out | Price effective from | Koha item type |
|---|---|---|---|---|---|---|---|---|---|---|---|---|---|---|---|---|---|---|
| Central Library (CL) | Central Library (CL) | General Stacks | 11/11/2004 | Academic Book Company | 5046.93 | 1 | 1 | 658.404076 CRO | SEECS005046 | 09/24/2014 | 03/01/2014 | 01/05/2017 | Book |
